Football - clubs formateurs des champions d'Europe 1984 - Statistiques

Statistiques générales
  • Ce quiz a été pris 7 fois
  • Le résultat moyen est 8 sur 20
Statistiques - réponses
Hint Réponse % Correct
Maxime Bossis FC Nantes
100%
Manuel Amoros AS Monaco
83%
Thierry Tusseau FC Nantes
67%
Yvon Le Roux Stade brestois
67%
Jean-Marc Ferreri AJ Auxerre
50%
Bernard Genghini FC Sochaux-Montbéliard
50%
Jean-François Domergue Girondins de Bordeaux
50%
Alain Giresse Girondins de Bordeaux
50%
Bruno Bellone AS Monaco
33%
Didier Six US Valenciennes-Anzin
33%
Philippe Bergerôo Arin luzien
17%
Albert Rust ASCA Wittelsheim
17%
Michel Platini AS Joeuf
17%
Luis Fernandez AS Saint-Priest
17%
Patrick Battiston AS Talange
17%
Bernard Lacombe CS Fontaines
17%
Dominique Rocheteau ES La Rochelle
17%
Daniel Bravo JS Cugnaux
17%
Jean Tigana SO Cassis
17%
Joël Bats Stade Montois
17%
Aucun quiz correspondant
Distribution des résultats
% des personnes avec chaque résultat
Percentile par nombre de réponses
Votre historique - résultats
Vous n’avez pas pris ce quiz